Statistiques concernant Les films se déroulant dans un hôpital

Cliquez ici pour prendre le quiz!

Statistiques générales

  • Ce quiz a été pris 62 fois
  • Le résultat moyen est 5 sur 16

Statistiques - réponses

Réponse% Correct
Vol au-dessus d'un nid de coucou
78%
Elephant Man
76%
Rain Man
64%
Hippocrate
53%
L'Armée des 12 singes
48%
Glass
38%
Patients
29%
Dallas Buyers Club
19%
L'Éveil
19%
Une vie volée
16%
La fracture
10%
Mr. Nobody
10%
50/50
7%
Sans plus attendre
5%
De son vivant
2%
Le Bal des folles
2%

Distribution des résultats

Percentile par nombre de réponses

% des personnes avec chaque résultat

Votre développement - résultats

Vous n’avez pas pris ce quiz